Integrating transport and development (Record no. 102291)
[ view plain ]
| 000 -LEADER | |
|---|---|
| fixed length control field | 01307cam a2200277 4500 |
| 008 - FIXED-LENGTH DATA ELEMENTS--GENERAL INFORMATION | |
| fixed length control field | 020816n2002 000 0 eng u |
| 020 ## - INTERNATIONAL STANDARD BOOK NUMBER | |
| International Standard Book Number | 1842191071 |
| 022 ## - INTERNATIONAL STANDARD SERIAL NUMBER | |
| International Standard Serial Number | 14784971 |
| 035 ## - SYSTEM CONTROL NUMBER | |
| System control number | (Sirsi) u119359 |
| 050 ## - LIBRARY OF CONGRESS CALL NUMBER | |
| Classification number | 711.7 |
| 100 ## - MAIN ENTRY--PERSONAL NAME | |
| Personal name | Hine, P. |
| 245 ## - TITLE STATEMENT | |
| Title | Integrating transport and development |
| 260 ## - PUBLICATION, DISTRIBUTION, ETC. | |
| Place of publication, distribution, etc. | London |
| Name of publisher, distributor, etc. | RICS |
| Date of publication, distribution, etc. | 2002 |
| 300 ## - PHYSICAL DESCRIPTION | |
| Extent | 19p. |
| Dimensions | 30cm. |
| 490 ## - SERIES STATEMENT | |
| Series statement | RICS Leading Edge Series |
| 520 ## - SUMMARY, ETC. | |
| Summary, etc. | Report suggesting that preventing urban sprawl depends on the adoption of policies that ensure that new development takes place close to transport hubs. RICS has pioneered the concept of Transport Development Areas (TDAs) which offer the means for doing this. This new report shows that the TDA approach can be applied not just in the UK but anywhere in the world. Includes case studies. |
| 650 ## - SUBJECT ADDED ENTRY--TOPICAL TERM | |
| Topical term or geographic name entry element | INTEGRATED TRANSPORT |
| 650 ## - SUBJECT ADDED ENTRY--TOPICAL TERM | |
| Topical term or geographic name entry element | SUSTAINABLE DEVELOPMENT |
| 650 ## - SUBJECT ADDED ENTRY--TOPICAL TERM | |
| Topical term or geographic name entry element | TRANSPORT DEVELOPMENT AREAS |
| 650 ## - SUBJECT ADDED ENTRY--TOPICAL TERM | |
| Topical term or geographic name entry element | URBAN DEVELOPMENT |
| 690 ## - LOCAL SUBJECT ADDED ENTRY--TOPICAL TERM (OCLC, RLIN) | |
| Topical term or geographic name as entry element | PROPERTY-PROPERTY DEVELOPMENT |
| 710 ## - ADDED ENTRY--CORPORATE NAME | |
| Corporate name or jurisdiction name as entry element | Royal Institution of Chartered Surveyors |
| 9 (RLIN) | 4900 |
| 710 ## - ADDED ENTRY--CORPORATE NAME | |
| Corporate name or jurisdiction name as entry element | Royal Institution of Chartered Surveyors |
| Subordinate unit | Planning and Development Faculty |
| 9 (RLIN) | 4351 |
| 856 ## - ELECTRONIC LOCATION AND ACCESS | |
| Uniform Resource Identifier | <a href="https://www.rics.org/site/scripts/download_info.aspx?downloadID=3182">https://www.rics.org/site/scripts/download_info.aspx?downloadID=3182</a> |
| Hours access method available | View the report on the RICS website... |
| 942 ## - ADDED ENTRY ELEMENTS (KOHA) | |
| Suppress in OPAC | 0 |
| Withdrawn status | Lost status | Source of classification or shelving scheme | Damaged status | Not for loan | Home library | Current library | Shelving location | Date acquired | Total Checkouts | Full call number | Barcode | Date last seen | Copy number | Price effective from | Koha item type |
|---|---|---|---|---|---|---|---|---|---|---|---|---|---|---|---|
| Dewey Decimal Classification | London | London | RICS Boxes | 23/09/2002 | RICS 2002/37 | 30066717 | 06/08/2019 | 1 | 06/08/2019 | Archive | |||||
| Dewey Decimal Classification | London | London | RICS Boxes | 23/09/2002 | RICS 2002/37 | 30066718 | 06/08/2019 | 2 | 06/08/2019 | Reference material | |||||
| Dewey Decimal Classification | London | London | RICS Boxes | 23/09/2002 | RICS 2002/37 | 30066723 | 06/08/2019 | 4 | 06/08/2019 | Book | |||||
| Dewey Decimal Classification | Virtual | Virtual | Online | 30/04/2003 | ONLINE PUBLICATION | 119359-2001 | 06/08/2019 | 1 | 06/08/2019 | Book |